Grammer and Composition Handbook (Record no. 21383)

MARC details
000 -LEADER
fixed length control field 00499nam a22001817a 4500
003 - CONTROL NUMBER IDENTIFIER
control field OSt
005 - DATE AND TIME OF LATEST TRANSACTION
control field 20260210093823.0
008 - FIXED-LENGTH DATA ELEMENTS--GENERAL INFORMATION
fixed length control field 260203b |||||||| |||| 00| 0 eng d
020 ## - INTERNATIONAL STANDARD BOOK NUMBER
International Standard Book Number 0078251184
040 ## - CATALOGING SOURCE
Transcribing agency CHUKA UNIVERSITY Library
050 ## - LIBRARY OF CONGRESS CALL NUMBER
Classification number PE 1112
Item number C44 2012
100 ## - MAIN ENTRY--PERSONAL NAME
Personal name GLA
9 (RLIN) 22983
245 ## - TITLE STATEMENT
Title Grammer and Composition Handbook
260 ## - PUBLICATION, DISTRIBUTION, ETC.
Place of publication, distribution, etc. New York
Name of publisher, distributor, etc. McGraw-Hill
Date of publication, distribution, etc. 2012
300 ## - PHYSICAL DESCRIPTION
Extent 594P
650 ## - SUBJECT ADDED ENTRY--TOPICAL TERM
Topical term or geographic name entry element English language--grammar--composition and exercises
9 (RLIN) 22984
942 ## - ADDED ENTRY ELEMENTS (KOHA)
Source of classification or shelving scheme Library of Congress Classification
Koha item type Long Loan Books
Suppress in OPAC No
Holdings
Withdrawn status Lost status Source of classification or shelving scheme Damaged status Not for loan Home library Current library Date acquired Total Checkouts Full call number Barcode Date last seen Copy number Price effective from Koha item type
    Library of Congress Classification     Main Campus Library Main Campus Library 03/02/2026   PE 1112 C44 2012 29903/2026 03/02/2026 44 03/02/2026 Long Loan Books

Powered by Koha